Curso de Derecho minero.

Una obra profunda y meditada acerca de los principales institutos de esta compleja rama del derecho. En un exhaustivo análisis, la autora, revisa cada uno de los tópicos de esta importante disciplina de gran relevancia para nuestro país, tanto en los aspectos sustantivos como procesales, cuyo caráct...

Full description

Bibliographic Details
Main Author: Ansaldi Domínguez, Carmen
Format: Libro
Language:Spanish
Published: Santiago, Chile Universidad Central de Chile. Facultad de Ciencias Jurídicas y Sociales 2004
Subjects:
Online Access:

MARC

LEADER 00000cam a2200000 a 4500
001 011496
003 UAHC_CL
005 20170803120804.0
008 060413b2004 cl 000 spa
020 |a 9567134529 
040 |a UAHC_CL  |c UAHC_CL  |d UAHC_CL 
100 1 |a Ansaldi Domínguez, Carmen 
245 1 0 |a Curso de Derecho minero. 
260 |b Universidad Central de Chile. Facultad de Ciencias Jurídicas y Sociales  |c 2004  |a Santiago, Chile 
300 |a 467 p. 
520 |a Una obra profunda y meditada acerca de los principales institutos de esta compleja rama del derecho. En un exhaustivo análisis, la autora, revisa cada uno de los tópicos de esta importante disciplina de gran relevancia para nuestro país, tanto en los aspectos sustantivos como procesales, cuyo carácter interdisciplinario tiene abierta relación con otras ramas de la ciencia jurídica, tales como el Derecho Tributario, el Derecho Procesal, el Derecho Comercial, el Derecho Civil, el Derecho Económico, sin perjuicio de los rasgos propios que ha adquirido esta rama del Derecho. 
521 |a Derecho de Minas 
650 4 |a DRECHO MINERO  |z CHILE 
653 |a DERECHO 
658 |a Reyna, Verónica 
900 |a 343 ANS 
942 |c BK 
952 |0 0  |1 0  |4 0  |6 343_000000000000000_ANS  |7 0  |8 General  |9 23376  |a BC  |b BC  |c General  |d 2017-08-03  |l 0  |o 343 ANS  |p 1353049  |r 2026-01-13 00:00:00  |t 1  |w 2017-08-03  |y BK 
999 |c 11496  |d 11496